000 00400cam a2200157ua 4500
041 _aeng
_h
082 _a808.0666
_bRHO/TE
100 _aRhodes, Fred H .
245 _aTechnical report writing /
_cFred H Rhodes.
_hTextual Documents
260 _aNew York :
_bMcGraw Hill Book Company ,
_c1961.
300 _a168 ; .
500 _a**Reference
504 _a
942 _cBK
999 _c4768
_d4768